00466nam a2200157Ia 4500100002300000942000700023366000700030654002000037245003100057260002200088082001300110300000800123546001200131999001700143952014800160 aSadasivam/Sudha G  cBK f25 acomponent based aComponent based technology bWiley Indiac2008 a5.1bSAD a452 aENGLISH c26333d26333 001040708CRCaCRCEbCRCEd2023-03-17eMilan Book Supplierg224.25i1932 dt 28/10/2009l0o5.1 SADp20150r2023-03-17v299.00w0000-00-00yBK